| 000 | 00314nam a2200121Ia 4500 | ||
|---|---|---|---|
| 008 | 220120s9999||||xx |||||||||||||| ||und|| | ||
| 082 | _a823 KNI | ||
| 100 |
_aKnight, Eric _911895 |
||
| 245 | 0 | _aLassie come home | |
| 260 |
_aPuffin _bBangalore _c1981 |
||
| 300 |
_a238p.;28cm _b120 |
||
| 650 |
_aSIGNAL PROCESSING _9719 |
||
| 999 |
_c137434 _d137434 |
||